000 00332nam a2200145Ia 4500
008 230718s9999 xx 000 0 und d
041 _aEng.
082 _a988
_bCOM-W
100 _aComory, Joan
245 0 _awho's who in Jewish
260 _aPakistan
_boxford univelly fa
_c1974
300 _a407
650 _aLaw
999 _c26054
_d26054